00604nam a2200193Ia 4500008004100000020001300041082001200054100002500066245002700091250000800118260003500126300003000161500001900191600002700210650002000237942000700257952013100264999001500395240925s9999 xx 000 0 und d a70088179 a530 BUE aBueche ,Frederick J. 0aPrinciples of Physics  a6th aNew York:bMcGraw-Hillc,1995. axxvii,530p.bNAfOriginal aIncludes Index aEngineering Technology aNatural Science cBK 001040708ETaUITUbUITUd1997-04-01eParamount Book Pvt Ltdg979.00l0o530 BUEpQ0977r2024-09-25 07:12:16w2024-09-25yBK c3476d3476